Responsabilidad por daños : Código Civil y Comercial en la Nación. Ley 26.994 / Parte General. Tomo I /
Guardado en:
| Autor Principal: | |
|---|---|
| Otros Autores: | |
| Formato: | Libro |
| Idioma: | Spanish |
| Publicado: |
Santa Fé :
Rubinzal - Culzoni,
2016.
|
| Edición: | 1a. ed. rev. |
| Materias: | |
| Etiquetas: |
Agregar Etiqueta
Sin Etiquetas, Sea el primero en etiquetar este registro!
|
| LEADER | 01561nam a22002175a 4500 | ||
|---|---|---|---|
| 001 | DER.der014905 | ||
| 008 | 231026s2016####ag#||||||||||||||#||spa|| | ||
| 005 | 20231030164521.0 | ||
| 245 | 1 | 0 | |a Responsabilidad por daños : |b Código Civil y Comercial en la Nación. Ley 26.994 / Parte General. |n Tomo I / |c Jorge Mosset Iturraspe , Miguel A. Piedecasas. |
| 250 | |a 1a. ed. rev. | ||
| 260 | |a Santa Fé : |b Rubinzal - Culzoni, |c 2016. | ||
| 300 | |a 645 p. | ||
| 505 | 0 | |a Introducción a la responsabilidad civil -- La Acción -- La antijuridicidad -- Los daños en una economía de mercado -- La imputabilidad: culpa o riesgo -- El dolo -- Inimputabilidad -- Imputabilidad objetiva -- La causalidad -- La relación causal -- El caso fortuito -- El daño -- El daño considerado en sí mismo -- Daños a los derechos de la personalidad -- El daño fundado en la dimensión del hombre en su concreta realidad -- Daño al patrimonio -- La sanción jurídica -- El resarcimiento -- La indemnización dineraria -- La valoración en dinero de la vida humana -- La acción resarcitoria -- Ámbitos de la responsabilidad civil -- Supuestos extracontractuales -- Supuestos discutidos -- La órbita excluyente -- Opción excepcional en el Código de 1871. | |
| 020 | |a 9789873006364 | ||
| 100 | 1 | |a Mosset Iturraspe, Jorge | |
| 700 | 1 | |a Piedecasas, Miguel A. | |
| 650 | 7 | |a RESPONSABILIDAD CIVIL | |
| 650 | 7 | |a DERECHO DE DAÑOS | |
| 650 | 7 | |a CODIGO CIVIL Y COMERCIAL | |
| 859 | |a DERECHO |b BIB. DERECHO |h 346 |i MOS |p 009153 |t 1 |3 Tomo I | ||
| 859 | |a DERECHO |b BIB. DERECHO |h 346 |i MOS |p 009171 |t 2 |3 Tomo I | ||
